| 000 | 00671nam a2200229Ia 4500 | ||
|---|---|---|---|
| 005 | 20241129104352.0 | ||
| 008 | 241129s9999||||xx |||||||||||||| ||und|| | ||
| 020 | _a9781137427267 | ||
| 037 | _aTextual | ||
| 040 |
_aRTL _beng _cRTL |
||
| 041 |
_aeng _2eng |
||
| 084 |
_aV2,k,E.N Q5 _qRTL |
||
| 100 | _aDamodaran Vinita | ||
| 245 | 0 |
_aEast India Company and the natural world _cDamodaran Vinita |
|
| 260 |
_aUSA _bPalgrave Macmillan _c2012 |
||
| 300 | _axiv,297p. | ||
| 365 |
_aINR _b6432.6 |
||
| 490 | _aPalgrave Macmillan, | ||
| 650 |
_aEnvironmental Impact of Colonial Trade _9726051 |
||
| 942 |
_cTB _hV2,k,E.N Q5 |
||
| 999 |
_c1225587 _d1225587 |
||